My Leader (Record no. 24671)
[ view plain ]
| 000 -LEADER | |
|---|---|
| fixed length control field | 00198nam a22000857a 4500 |
| 003 - CONTROL NUMBER IDENTIFIER | |
| control field | Nust |
| 005 - DATE AND TIME OF LATEST TRANSACTION | |
| control field | 20170529125929.0 |
| 008 - FIXED-LENGTH DATA ELEMENTS--GENERAL INFORMATION | |
| fixed length control field | 140619b xxu||||| |||| 00| 0 eng d |
| 020 ## - INTERNATIONAL STANDARD BOOK NUMBER | |
| Terms of availability | Available |
| 040 ## - CATALOGING SOURCE | |
| Original cataloging agency | DLC |
| Language of cataloging | DLC |
| Transcribing agency | RCMS |
| 082 ## - DEWEY DECIMAL CLASSIFICATION NUMBER | |
| Edition number | New Edition |
| Classification number | 954.9 SUL |
| 100 ## - MAIN ENTRY--PERSONAL NAME | |
| Personal name | Suleri Z.a |
| 9 (RLIN) | 437 |
| 245 ## - TITLE STATEMENT | |
| Title | My Leader |
| Statement of responsibility, etc. | Zia-Ud -Din Ahmad Suleri |
| Remainder of title | Being An Estimate of Mr Jinnah's Work for Indian Mussalmans |
| 260 ## - PUBLICATION, DISTRIBUTION, ETC. | |
| Place of publication, distribution, etc. | Lahore |
| Name of publisher, distributor, etc. | Lion Press |
| Date of publication, distribution, etc. | c 1945 |
| 300 ## - PHYSICAL DESCRIPTION | |
| Extent | 195,p: |
| Other physical details | ill: |
| Dimensions | 20,cm. |
| 538 ## - SYSTEM DETAILS NOTE | |
| Display text | Shelf # 13, Row # 4, Fiction. |
| 650 ## - SUBJECT ADDED ENTRY--TOPICAL TERM | |
| Topical term or geographic name entry element | Literature & Fiction |
| 9 (RLIN) | 304 |
| 856 ## - ELECTRONIC LOCATION AND ACCESS | |
| Materials specified | Table of Content Only |
| 942 ## - ADDED ENTRY ELEMENTS (KOHA) | |
| Source of classification or shelving scheme | |
| Koha item type | Fiction |
| Withdrawn status | Lost status | Source of classification or shelving scheme | Damaged status | Not for loan | Permanent Location | Current Location | Shelving location | Date acquired | Total Checkouts | Full call number | Barcode | Date last seen | Price effective from | Koha item type |
|---|---|---|---|---|---|---|---|---|---|---|---|---|---|---|
| School of Interdisciplinary Engineering and Sciences (SINES) | School of Interdisciplinary Engineering and Sciences (SINES) | Fiction | 06/19/2014 | 954.9 SUL | RCMS002667 | 06/19/2014 | 06/19/2014 | Book | ||||||
| School of Interdisciplinary Engineering and Sciences (SINES) | School of Interdisciplinary Engineering and Sciences (SINES) | Fiction | 09/12/2014 | 954.9 SUL | RCMS002670 | 09/12/2014 | 09/12/2014 | Book |
